| 000 | 01587nam a2200433Ii 4500 | ||
|---|---|---|---|
| 001 | DIGBOSCH0160 | ||
| 003 | NyNyDIG | ||
| 006 | m o d | ||
| 007 | cr ||||||||||| | ||
| 008 | 220614s2016 sp a o 000 0 spa d | ||
| 035 | _a(OCoLC)1338645158 | ||
| 040 |
_aDGITA _beng _erda _epn _cDGITA |
||
| 020 |
_a9788494514630 _qeBook |
||
| 020 |
_z9788494514623 _qpapel |
||
| 043 | _ae-sp--- | ||
| 050 | 1 | 4 | _aKKT2790 ebook |
| 082 | 0 | 4 | _a345.46066 |
| 100 | 1 |
_aGarcía Pons, Enrique, _eauthor. |
|
| 245 | 1 | 0 |
_aAdministraciones públicas : _bvías de hecho y violación de derechos fundamentales / _cEnrique García Pons. |
| 264 | 1 |
_a[Barcelona] : _bJMB Bosch Editor, _c[2016] |
|
| 300 |
_a1 online resource : _billustrations. |
||
| 336 |
_atext _btxt _2rdacontent |
||
| 336 |
_astill image _2rdacontent |
||
| 337 |
_acomputer _bc _2rdamedia |
||
| 338 |
_aonline resource _bcr _2rdacarrier |
||
| 347 |
_atext file _2rdaft |
||
| 347 | _bPDF | ||
| 588 | 0 | _aOnline resource; title from PDF title page (Digitalia, viewed Jun 14, 2022) | |
| 610 | 2 | 0 | _aEuropean Court of Human Rights. |
| 650 | 0 |
_aProcedure (Law) _zSpain. |
|
| 650 | 0 |
_aAdministrative law _zSpain. |
|
| 655 | 0 | _aElectronic books. | |
| 776 | 0 | 8 |
_iPrint version: _aGarcía Pons, Enrique. _tAdministraciones públicas. _d[Barcelona] : JMB Bosch Editor, 2016 _z9788494514623 |
| 791 | 2 |
_aDigitalia (Firm), _edistributor. |
|
| 793 | 0 |
_gDigitalia eBook Collection: _aBosch Editor |
|
| 856 | 4 | 0 |
_3Digitalia Hispánica _uhttps://www.digitaliapublishing.com/a/62079/ |
| 910 | _aPremium collection: 2022 | ||
| 942 | _cRAA | ||
| 999 |
_c258227 _d258227 |
||